Classifying office submarkets (Record no. 67388)
[ view plain ]
| 000 -LEADER | |
|---|---|
| fixed length control field | 01396cam a2200277 4500 |
| 001 - CONTROL NUMBER | |
| control field | X113166 |
| 008 - FIXED-LENGTH DATA ELEMENTS--GENERAL INFORMATION | |
| fixed length control field | 000000n2001 000 0 eng u |
| 035 ## - SYSTEM CONTROL NUMBER | |
| System control number | (Sirsi) u113166 |
| 100 ## - MAIN ENTRY--PERSONAL NAME | |
| Personal name | Dunse, N. |
| 245 ## - TITLE STATEMENT | |
| Title | Classifying office submarkets |
| 260 ## - PUBLICATION, DISTRIBUTION, ETC. | |
| Date of publication, distribution, etc. | 2001 |
| 490 ## - SERIES STATEMENT | |
| Series statement | Journal of Property Investment and Finance |
| Volume/sequential designation | 19(3) 2001, 236-250(15) |
| 520 ## - SUMMARY, ETC. | |
| Summary, etc. | Argues that, in order to derive a true picture of the market, office markets should be organised into submarkets rather than being classified using neo-classical location theory, and these submarkets should be derived empirically and not based on agent's knowledge. The statistical model proposed considers the office's characteristics including: whether it concerned is modern, traditional, serviced or on an office park; the floor area, construction type, condition, finish type, age, and attributes of the property; and the distance from the defined central point of the city centre. Includes case studies of the Glasgow and Edinburgh office markets. Tables, references. |
| 650 ## - SUBJECT ADDED ENTRY--TOPICAL TERM | |
| Topical term or geographic name entry element | EDINBURGH |
| 650 ## - SUBJECT ADDED ENTRY--TOPICAL TERM | |
| Topical term or geographic name entry element | GLASGOW |
| 650 ## - SUBJECT ADDED ENTRY--TOPICAL TERM | |
| Topical term or geographic name entry element | MARKET ANALYSIS |
| 650 ## - SUBJECT ADDED ENTRY--TOPICAL TERM | |
| Topical term or geographic name entry element | OFFICES |
| 650 ## - SUBJECT ADDED ENTRY--TOPICAL TERM | |
| Topical term or geographic name entry element | PROPERTY MARKET |
| 650 ## - SUBJECT ADDED ENTRY--TOPICAL TERM | |
| Topical term or geographic name entry element | PROPERTY MARKET ANALYSIS |
| 650 ## - SUBJECT ADDED ENTRY--TOPICAL TERM | |
| Topical term or geographic name entry element | STATISTICAL ANALYSIS |
| 650 ## - SUBJECT ADDED ENTRY--TOPICAL TERM | |
| Topical term or geographic name entry element | STATISTICAL MODELS |
| 690 ## - LOCAL SUBJECT ADDED ENTRY--TOPICAL TERM (OCLC, RLIN) | |
| Topical term or geographic name as entry element | COMMERICAL PROPERTY-MARKET |
| 700 ## - ADDED ENTRY--PERSONAL NAME | |
| Personal name | Leishman, C. |
| 700 ## - ADDED ENTRY--PERSONAL NAME | |
| Personal name | Watkins, C. |
| 942 ## - ADDED ENTRY ELEMENTS (KOHA) | |
| Suppress in OPAC | 0 |
| Withdrawn status | Lost status | Source of classification or shelving scheme | Damaged status | Not for loan | Home library | Current library | Shelving location | Date acquired | Total Checkouts | Full call number | Barcode | Date last seen | Copy number | Price effective from | Koha item type |
|---|---|---|---|---|---|---|---|---|---|---|---|---|---|---|---|
| Dewey Decimal Classification | London | London | Journal article | 20/06/2001 | X113166 | 113166-1001 | 06/08/2019 | 1 | 06/08/2019 | Journal article |